James Last In Concert (Record n. 99052)

Dettagli MARC
000 -LEADER
fixed length control field 01260njm a2200289Ia 4500
001 - CONTROL NUMBER
control field E1589
003 - CONTROL NUMBER IDENTIFIER
control field IT-RoPAU
005 - DATE AND TIME OF LATEST TRANSACTION
control field 20220918181112.0
008 - FIXED-LENGTH DATA ELEMENTS--GENERAL INFORMATION
fixed length control field 131025s9999 xx 000 0 und d
040 ## - CATALOGING SOURCE
Original cataloging agency IT-RoPAU
040 ## - CATALOGING SOURCE
Transcribing agency IT-RoPAU
999 ## - SYSTEM CONTROL NUMBERS (KOHA)
Koha Dewey Subclass [OBSOLETE] n.d.
100 ## - MAIN ENTRY--PERSONAL NAME
Personal name AA.VV.
9 (RLIN) 794
100 ## - MAIN ENTRY--PERSONAL NAME
Relator term Autore musica
9 (RLIN) 31562
100 ## - MAIN ENTRY--PERSONAL NAME
Miscellaneous information Codice autore musica SPICS: 12000
9 (RLIN) 796
245 ## - TITLE STATEMENT
Title James Last In Concert
250 ## - EDITION STATEMENT
Edition statement 1a ed.
260 ## - PUBLICATION, DISTRIBUTION, ETC. (IMPRINT)
Place of publication, distribution, etc. LONDRA
260 ## - PUBLICATION, DISTRIBUTION, ETC. (IMPRINT)
Name of publisher, distributor, etc. POLYDOR INC
Date of publication, distribution, etc. 1969 [1a Ed.:1969]
300 ## - PHYSICAL DESCRIPTION
Extent DISCO
500 ## - GENERAL NOTE
General note Arrangiamento di brani di musica classica di autori vari
505 ## - FORMATTED CONTENTS NOTE
Formatted contents note Adagio From the Sonata "Pathetique" n. 8 in do minor op. 13 (Beethoven) - Slavonic Dance n. 10 (Dvorak) - Andante From the Violin Concerto in mi minore op. 64 (Mendelssohn) - Prelude in do maggiore (Bach) - Andante From the Symphony n. 5 in do minore op. 67 (Beethoven) - Ballet Music From Prince Igor - Theme From Elvira Madigan (Mozart) - Presto From the Symphony n. 7 in la maggiore op. 92 (Beethoven)
650 ## - SUBJECT ADDED ENTRY--TOPICAL TERM
Topical term or geographic name as entry element ARRANGIAMENTO [DISCHI]
Relator term Codice MATERIA SPICS: 9950
9 (RLIN) 31563
700 ## - ADDED ENTRY--PERSONAL NAME
Personal name Last James
Relator term Autore
Miscellaneous information Codice Autore SPICS: 10976
9 (RLIN) 9404
700 ## - ADDED ENTRY--PERSONAL NAME
Personal name Last James
Miscellaneous information Codice Interprete SPICS: 10976
Relator term Interprete
9 (RLIN) 11447
942 ## - ADDED ENTRY ELEMENTS (KOHA)
Koha item type DISCHI
Source of classification or shelving scheme Dewey Decimal Classification
Dati di copia
Withdrawn status Lost status Damaged status Not for loan Home library Current library Date acquired Total Checkouts Full call number Date last seen Price effective from Koha item type Public note
    Buone Condizioni Not For Loan SPICS-MEDIATECA SPICS-MEDIATECA 25/10/2013   E1589 25/10/2013 25/10/2013 DISCHI Progr. Ins.: 2430 / N.Vol.: 1 / Copie: 1 - Copia rara: n.d. / date import: 01.01.2014 - By Epidotti, Trombetti, Vaglietti
CREDITS: SOCIETA' SAN PAOLO Via A.Severo, 58 - ROMA (RM) & PERIODICI SAN PAOLO SRL Via Giotto, 36 MILANO & CISF Via Giotto, 36 MILANO & EDIZIONI SAN PAOLO SRL,  Piazza Soncino, 5 CINISELLO BALSAMO (MI) -- ITALY